Catalog

Record Details

Catalog Search



Recommendation to the European Union to urgently address criminalisation and violence against migrants in Greece Cover Image Book Book

Recommendation to the European Union to urgently address criminalisation and violence against migrants in Greece

Record details

  • Physical Description: 24 stran
  • Publisher: Brussels : PICUM, 2014

Available copies

  • 1 of 1 copy available at Common Catalog SPOK.

Holds

  • 0 current holds with 1 total copy.
Show Only Available Copies
Location Call Number / Copy Notes Barcode Shelving Location Status Due Date
Varianty Mig Re 4605400058 Šafaříkova 17 - 5. patro, Mig Available -

LDR nam a22 i 4500
00130987
003CZ-PrJAB
00520190209105250.0
007ta
008 s2014 be e 000 0 eng
040 . ‡aABH006 ‡bcze ‡erda
24500. ‡aRecommendation to the European Union to urgently address criminalisation and violence against migrants in Greece
264 1. ‡aBrussels : ‡bPICUM, ‡c2014
300 . ‡a24 stran
336 . ‡atext ‡btxt ‡2rdacontent
338 . ‡asvazek ‡bnc ‡2rdacarrier
6530 . ‡amigranti ‡akriminalizace ‡anásilí ‡ařešení ‡aŘecko ‡aEvropská unie
910 . ‡aABH006
901 . ‡a30987 ‡b ‡c30987 ‡tbiblio

Additional Resources